Az emberi lélek halhatatlansága
Elmentve itt :
| Szerző: | |
|---|---|
| Adatforrás: | Philobibl |
| Forrásdokumentuma: | Bölcseleti Folyóirat /2. évf 1887., 515-525. p. |
| Dokumentumtípus: | Cikk |
| Nyelv: | magyar |
| LEADER | 00296nab a2200097 c 4500 | ||
|---|---|---|---|
| 001 | bibDOK00011502 | ||
| 005 | 20200924120707.4 | ||
| 008 | 060518s1887 hu hun | ||
| 100 | 1 | |a P. Angelicus | |
| 245 | 1 | 3 | |a Az emberi lélek halhatatlansága |c P. Angelicus |
| 773 | 0 | |t Bölcseleti Folyóirat /2. évf |g 1887., 515-525. p. | |